[Event "C.to Italiano Semifinale"]
[Site "Montecatini Terme ITA"]
[Date "1998.06.??"]
[Round "2"]
[White "Mariano, Elia"]
[Black "Caposciutti, Maurizio"]
[Result "1/2-1/2"]
[WhiteElo "2205"]
[BlackElo "2310"]
[PlyCount "58"]
[EventDate "1998.06.21"]

1. d4 Nf6 2. c4 a6 3. Nc3 c5 4. Nf3 cxd4 5. Nxd4 e6 6. e3 Qc7 7. Bd3 Nc6 8. O-O
Ne5 9. Qe2 b6 10. Nf3 Nxd3 11. Qxd3 Bb7 12. b3 Be7 13. Bb2 O-O 14. Qd4 d6 15.
Rac1 Rfd8 16. Na4 Bxf3 17. gxf3 Rab8 18. Qf4 Qb7 19. Nc3 e5 20. Qg3 b5 21. cxb5
axb5 22. f4 b4 23. Ne2 Qb5 24. Rfe1 Ra8 25. fxe5 dxe5 26. Qxe5 Qxe5 27. Bxe5
Rxa2 28. Nd4 Ng4 29. Bg3 h5 1/2-1/2

[Event "C.to Italiano Semifinale"]
[Site "Montecatini Terme ITA"]
[Date "1998.06.??"]
[Round "2"]
[White "Mariotti, Sergio"]
[Black "Aldrovandi, Costantino"]
[Result "1/2-1/2"]
[WhiteElo "2380"]
[BlackElo "2235"]
[PlyCount "39"]
[EventDate "1998.06.21"]

1. d4 Nf6 2. Nf3 g6 3. g3 Bg7 4. Bg2 O-O 5. O-O d6 6. b3 c5 7. Bb2 Qc7 8. c4 b6
9. Nc3 Bb7 10. d5 a6 11. Nd2 Nbd7 12. e4 e6 13. Re1 Rae8 14. a4 Re7 15. Qc2
Rfe8 16. Nf3 Bc8 17. Qd2 exd5 18. exd5 Ne5 19. Nxe5 Rxe5 20. Rxe5 1/2-1/2

[Event "C.to Italiano Semifinale"]
[Site "Montecatini Terme ITA"]
[Date "1998.06.??"]
[Round "2"]
[White "Marzano, Carlo"]
[Black "Mauro, Alan"]
[Result "1-0"]
[WhiteElo "2185"]
[BlackElo "2260"]
[PlyCount "69"]
[EventDate "1998.06.21"]

1. d4 Nf6 2. Nf3 g6 3. c4 Bg7 4. Nc3 O-O 5. e4 d6 6. Be2 e5 7. d5 Nbd7 8. Bg5
a5 9. Nd2 Nc5 10. O-O h6 11. Be3 Ne8 12. a3 f5 13. f3 f4 14. Bf2 g5 15. b4 axb4
16. axb4 Rxa1 17. Qxa1 Na6 18. Qa3 b6 19. Ra1 h5 20. c5 Nxb4 21. Qxb4 dxc5 22.
Qb3 Nd6 23. Nb5 g4 24. Ra7 Qg5 25. Nxc7 g3 26. hxg3 fxg3 27. Be3 Qh4 28. Nf1 c4
29. Qxb6 Nxe4 30. fxe4 Qxe4 31. Nxg3 Qc2 32. Ne6 Bxe6 33. Qxe6+ Kh8 34. Rxg7
Kxg7 35. Bh6+ 1-0

[Event "C.to Italiano Semifinale"]
[Site "Montecatini Terme ITA"]
[Date "1998.06.??"]
[Round "2"]
[White "Nironi, Andrea"]
[Black "Tribuiani, Renato"]
[Result "0-1"]
[WhiteElo "1681"]
[BlackElo "2115"]
[PlyCount "74"]
[EventDate "1998.06.21"]

1. d4 d5 2. c4 c6 3. Nf3 e6 4. Nc3 f5 5. Bf4 Nf6 6. Bxb8 Rxb8 7. e3 Bd6 8. Be2
O-O 9. c5 Bc7 10. b4 Bd7 11. a4 Be8 12. Ne5 Ne4 13. Nxe4 fxe4 14. O-O Qg5 15.
Bg4 Rf6 16. h4 Qxh4 17. f4 Bxe5 18. fxe5 Rh6 19. Rf4 Qg3 20. Qe1 Qh2+ 21. Kf1
Bh5 22. Bh3 g5 23. Rf6 Qh1+ 24. Kf2 Qxe1+ 25. Rxe1 Rxf6+ 26. exf6 g4 27. b5
cxb5 28. axb5 gxh3 29. gxh3 Kf7 30. Ra1 Kxf6 31. Rxa7 Be8 32. b6 Bc6 33. Kg3
Rg8+ 34. Kf4 h5 35. Ra2 h4 36. Ra7 Rg3 37. Ra8 Rf3+ 0-1

[Event "C.to Italiano Semifinale"]
[Site "Montecatini Terme ITA"]
[Date "1998.06.??"]
[Round "2"]
[White "Sansonetti, Giorgio"]
[Black "Astengo, Marcello"]
[Result "0-1"]
[WhiteElo "2195"]
[BlackElo "2075"]
[PlyCount "94"]
[EventDate "1998.06.21"]

1. d4 d5 2. Nc3 c6 3. f3 e5 4. dxe5 Bc5 5. e3 Nh6 6. Bd3 Qg5 7. f4 Qxg2 8. Qf3
Bh3 9. Qxh3 Qxh1 10. Nce2 Nd7 11. Bd2 f5 12. exf6 Nxf6 13. O-O-O Nhg4 14. Nf3
Qxd1+ 15. Kxd1 Nf2+ 16. Ke1 Nxh3 17. Bf5 O-O 18. Bxh3 Ne4 19. Ne5 Rae8 20. c3
Rf6 21. Bd7 Re7 22. Bc8 Bd6 23. Nf3 Rg6 24. Ned4 Rg2 25. Nf5 Re8 26. Bxb7 Rb8
27. Nxd6 Nxd6 28. Bxc6 Rxb2 29. Bxd5+ Kh8 30. Kd1 Nf5 31. Kc1 Rb5 32. c4 Rc5
33. Nd4 Nxd4 34. exd4 Rxd5 35. cxd5 Kg8 36. h4 Rh2 37. d6 Kf7 38. f5 Rxh4 39.
Be3 Ke8 40. d5 Kd7 41. Bxa7 Ra4 42. Be3 Rxa2 43. Bd4 Rg2 44. Be5 h5 45. Kd1 h4
46. Ke1 h3 47. Kf1 Rg5 0-1

[Event "C.to Italiano Semifinale"]
[Site "Montecatini Terme ITA"]
[Date "1998.06.??"]
[Round "2"]
[White "Scavo, Fernando"]
[Black "Cacco, Christian"]
[Result "1/2-1/2"]
[WhiteElo "2255"]
[BlackElo "2180"]
[PlyCount "141"]
[EventDate "1998.06.21"]

1. e4 g6 2. d4 c6 3. c4 Bg7 4. Nc3 d6 5. Be2 Nd7 6. Nf3 Qc7 7. Be3 Ngf6 8. h3
O-O 9. O-O e5 10. d5 c5 11. Ne1 Ne8 12. Nd3 f5 13. exf5 gxf5 14. f4 e4 15. Nf2
Ndf6 16. g4 Kh8 17. Qc2 Qe7 18. Rae1 Rg8 19. g5 Nd7 20. Kh2 Nc7 21. Bh5 a6 22.
a4 b5 23. b3 Rb8 24. Bd2 Qf8 25. Ncd1 Bd4 26. Ne3 Rg7 27. Bc3 h6 28. gxh6 Re7
29. Qd2 Qf6 30. Bxd4 cxd4 31. Nc2 d3 32. Nxd3 exd3 33. Rxe7 Qxe7 34. Qxd3 Nf6
35. Qd4 Bd7 36. Re1 Qf8 37. axb5 axb5 38. Qa7 Rc8 39. Qd4 Be8 40. Bf3 Bg6 41.
Ne3 bxc4 42. bxc4 Nce8 43. Ng2 Qxh6 44. Re7 Qf8 45. Re6 Qg7 46. Qd3 Ra8 47. Qe2
Ra7 48. Qf2 Re7 49. Qe1 Rxe6 50. Qxe6 Qd7 51. Qe1 Bh5 52. Bxh5 Nxh5 53. Qh4
Neg7 54. Qg5 Qe8 55. Qh6+ Kg8 56. Qxd6 Qf8 57. Qg6 Qf6 58. Qxf6 Nxf6 59. Ne3
Ne4 60. Kg2 Kf7 61. Kf3 Nc5 62. Nc2 Ne8 63. Nd4 Nd6 64. Nc6 Nxc4 65. Ne5+ Nxe5+
66. fxe5 Nd3 67. e6+ Kf6 68. Ke3 Nb4 69. Kd4 f4 70. Ke4 Nxd5 71. Kxd5 1/2-1/2

[Event "C.to Italiano Semifinale"]
[Site "Montecatini Terme ITA"]
[Date "1998.06.??"]
[Round "2"]
[White "Tonon, Alessandro"]
[Black "Pecorari, Marcello"]
[Result "1-0"]
[WhiteElo "2175"]
[BlackElo "1713"]
[PlyCount "149"]
[EventDate "1998.06.21"]

1. d4 Nf6 2. c4 g6 3. Nc3 Bg7 4. e4 d6 5. Nf3 O-O 6. Be2 c6 7. Be3 Qc7 8. O-O
Nbd7 9. Rc1 b6 10. h3 Bb7 11. d5 Nc5 12. Qc2 a5 13. Rfd1 Rac8 14. Nd4 Rfe8 15.
b3 e5 16. Nxc6 Bxc6 17. dxc6 Qxc6 18. Bf3 Rcd8 19. a3 a4 20. bxa4 Rd7 21. Rb1
Ra8 22. Rb5 h5 23. Rdb1 Ra6 24. Bg5 Rda7 25. Bxf6 Bxf6 26. Nd5 Bd8 27. Nb4 Qa8
28. Nxa6 Rxa6 29. Qd2 Bc7 30. a5 Rxa5 31. Rxa5 Qxa5 32. Qxa5 bxa5 33. Kf1 f6
34. g3 Kf7 35. Ke2 Ke6 36. h4 f5 37. exf5+ Kxf5 38. Bd5 Kf6 39. Ke3 Kf5 40. Ke2
Kf6 41. Rb2 Kf5 42. Bf7 Kf6 43. Be8 Kf5 44. Ke3 Kf6 45. f3 Kf5 46. Bc6 Ke6 47.
Bd5+ Kf5 48. Rg2 Nb3 49. g4+ Kf6 50. gxh5 gxh5 51. Rg5 Bb6+ 52. Kd3 Bc5 53. Kc2
a4 54. Kb2 Bd4+ 55. Ka2 Nd2 56. Rxh5 Kg6 57. Rg5+ Kh6 58. Rg8 Bf2 59. Rg2 Be3
60. Rg8 Bf2 61. Rd8 Kh5 62. Rh8+ Kg6 63. h5+ Kg5 64. h6 Kg6 65. h7 Bc5 66. Be4+
Nxe4 67. fxe4 Kg7 68. Ra8 Kxh7 69. Rxa4 Kg6 70. Ra5 Bb6 71. Rb5 Be3 72. Kb3 Kg5
73. Kc2 Kf4 74. Kd3 Bc1 75. a4 1-0

[Event "C.to Italiano Semifinale"]
[Site "Montecatini Terme ITA"]
[Date "1998.06.??"]
[Round "2"]
[White "Vezzosi, Paolo"]
[Black "Parrella, Alfredo"]
[Result "1/2-1/2"]
[WhiteElo "2275"]
[BlackElo "2185"]
[PlyCount "59"]
[EventDate "1998.06.21"]

1. d4 d5 2. Nf3 Nf6 3. c4 dxc4 4. e3 e6 5. Bxc4 c5 6. O-O a6 7. a3 b5 8. Ba2
Bb7 9. Qe2 Nbd7 10. Rd1 Qb6 11. Nc3 Be7 12. dxc5 Nxc5 13. b4 Nce4 14. Bb2 O-O
15. Nxe4 Bxe4 16. Ne5 Rad8 17. Bd4 Qb7 18. f3 Bd5 19. Nd3 Bxa2 20. Rxa2 Nd5 21.
Rc2 Rc8 22. Rdc1 Nb6 23. Rxc8 Rxc8 24. Rxc8+ Nxc8 25. e4 Nb6 26. Nc5 Bxc5 27.
Bxc5 Nd7 28. Qd3 Qc6 29. Kf2 f6 30. Qd4 1/2-1/2

[Event "C.to Italiano Semifinale"]
[Site "Montecatini Terme ITA"]
[Date "1998.06.??"]
[Round "2"]
[White "Wild, Alexander"]
[Black "Martorelli, Antonio"]
[Result "0-1"]
[WhiteElo "1714"]
[BlackElo "2405"]
[PlyCount "48"]
[EventDate "1998.06.21"]

1. e4 c5 2. Nf3 e6 3. d3 Nc6 4. Nc3 d5 5. exd5 exd5 6. d4 Nf6 7. Bb5 Bd7 8. O-O
a6 9. Bxc6 bxc6 10. Re1+ Be7 11. dxc5 O-O 12. Be3 Rb8 13. Bd4 Bg4 14. b3 Rb4
15. Re3 Ne4 16. a3 Rxd4 17. Qxd4 Bxc5 18. Qd3 Qf6 19. Rae1 Bxf3 20. gxf3 Ng5
21. Kg2 Bxe3 22. Rxe3 d4 23. Ne4 Qg6 24. Qxd4 Ne6+ 0-1

[Event "C.to Italiano Semifinale"]
[Site "Montecatini Terme ITA"]
[Date "1998.06.??"]
[Round "3"]
[White "Aldrovandi, Costantino"]
[Black "Tonon, Alessandro"]
[Result "1-0"]
[WhiteElo "2235"]
[BlackElo "2175"]
[PlyCount "113"]
[EventDate "1998.06.21"]

1. e4 e5 2. Nf3 Nc6 3. Bb5 a6 4. Bxc6 dxc6 5. O-O Qd6 6. d3 f6 7. Be3 Be6 8.
Nbd2 Ne7 9. Qe2 c5 10. c3 O-O-O 11. d4 cxd4 12. cxd4 exd4 13. Nxd4 Nc6 14. Nxc6
Qxc6 15. Rfc1 Qd7 16. Nc4 Qb5 17. b4 Bxc4 18. Rxc4 Bd6 19. f4 g5 20. a4 Qe8 21.
b5 gxf4 22. Bxf4 Bxf4 23. Qg4+ Kb8 24. Qxf4 Qe5 25. Qxe5 fxe5 26. bxa6 bxa6 27.
Rb1+ Kc8 28. Rc6 Rd6 29. Rxd6 cxd6 30. Rb6 Kc7 31. Rxa6 h6 32. Kf2 Rb8 33. Kf3
Rb2 34. Ra7+ Kc6 35. Rh7 d5 36. exd5+ Kxd5 37. Rxh6 e4+ 38. Ke3 Rb3+ 39. Kf4
Rb2 40. g4 Rf2+ 41. Ke3 Rf3+ 42. Ke2 Ra3 43. g5 Ra2+ 44. Ke3 Ra3+ 45. Kf4 Rf3+
46. Kg4 Rf2 47. h4 e3 48. Rh8 Rg2+ 49. Kf3 Rf2+ 50. Kg4 Kd4 51. Rd8+ Ke4 52.
Re8+ Kd3 53. h5 e2 54. h6 Rg2+ 55. Kf5 Rf2+ 56. Kg6 Rf4 57. h7 1-0

[Event "C.to Italiano Semifinale"]
[Site "Montecatini Terme ITA"]
[Date "1998.06.??"]
[Round "3"]
[White "Astengo, Marcello"]
[Black "Corvi, Marco"]
[Result "0-1"]
[WhiteElo "2075"]
[BlackElo "2320"]
[PlyCount "64"]
[EventDate "1998.06.21"]

1. d4 Nf6 2. c4 g6 3. d5 Bg7 4. Nc3 d6 5. e4 e5 6. Be2 a5 7. Bg5 h6 8. Be3 Na6
9. f3 Bd7 10. Bd3 Nc5 11. Bc2 Nh5 12. Nge2 Bf6 13. O-O Bg5 14. f4 exf4 15. Nxf4
Nxf4 16. Bxf4 O-O 17. Qd2 Bxf4 18. Rxf4 Qg5 19. Raf1 Rae8 20. Qf2 Re7 21. Rf6
Bf5 22. exf5 Qxf6 23. a3 a4 24. Nxa4 Nxa4 25. Bxa4 Qxf5 26. Qa7 Qg5 27. Kh1 Re2
28. Rg1 Rxb2 29. Bb5 f5 30. Qxb7 f4 31. Qxc7 f3 32. gxf3 Qh5 0-1

[Event "C.to Italiano Semifinale"]
[Site "Montecatini Terme ITA"]
[Date "1998.06.??"]
[Round "3"]
[White "Cacco, Christian"]
[Black "Vezzosi, Paolo"]
[Result "1/2-1/2"]
[WhiteElo "2180"]
[BlackElo "2275"]
[PlyCount "163"]
[EventDate "1998.06.21"]

1. d4 Nf6 2. Nf3 e6 3. Bg5 c5 4. e3 Nc6 5. Nbd2 b6 6. c3 Be7 7. Bd3 Bb7 8. O-O
Rc8 9. Rc1 d6 10. Qe2 O-O 11. Rfd1 Rc7 12. a3 Qc8 13. Nf1 Rd8 14. e4 cxd4 15.
cxd4 h6 16. Bd2 Na5 17. Rxc7 Qxc7 18. Rc1 Qb8 19. Bxa5 bxa5 20. Ng3 Rc8 21. Qd2
Bd8 22. Rc2 Bb6 23. Qc1 Rd8 24. h3 Kf8 25. a4 Rc8 26. Kf1 Rxc2 27. Qxc2 Qa8 28.
Qe2 Nd7 29. Bc2 Qc8 30. Qd2 Qc4+ 31. Kg1 Nb8 32. Qc3 Ba6 33. Bb3 Qc7 34. Qxc7
Bxc7 35. d5 e5 36. Nf5 Nd7 37. Nd2 Nc5 38. Bc2 h5 39. h4 g6 40. Ne3 Ke7 41. Kh2
Nd3 42. Bxd3 Bxd3 43. f3 Bb6 44. Nec4 Kd7 45. g4 Bd4 46. Kg3 Bc2 47. b3 Bc3 48.
Ne3 Bd3 49. Ndc4 Be1+ 50. Kh3 Be2 51. gxh5 gxh5 52. Nf5 Bb4 53. Kg2 Bd1 54. Ng7
Bxb3 55. Ne3 Bd2 56. Nef5 Bxa4 57. Nxh5 Bb5 58. Nf6+ Kc7 59. Ng4 a4 60. Nge3
Bd3 61. h5 a3 62. h6 a2 63. h7 a1=Q 64. h8=Q Bxe3 65. Nxe3 Qb2+ 66. Kg3 Qb8 67.
Qf6 Qf8 68. Kf2 Bb5 69. Nd1 Bd7 70. Qg5 f5 71. Qc1+ Kb8 72. exf5 Bxf5 73. Ke2
Qc8 74. Qxc8+ Kxc8 75. Nc3 a6 76. Ke3 Kc7 77. f4 Kb6 78. fxe5 dxe5 79. Ne4 a5
80. Nd6 a4 81. Kd2 Bg6 82. Nc4+ 1/2-1/2

[Event "C.to Italiano Semifinale"]
[Site "Montecatini Terme ITA"]
[Date "1998.06.??"]
[Round "3"]
[White "Caposciutti, Maurizio"]
[Black "Marzano, Carlo"]
[Result "0-1"]
[WhiteElo "2310"]
[BlackElo "2185"]
[PlyCount "68"]
[EventDate "1998.06.21"]

1. e4 g6 2. d4 c6 3. c3 d5 4. Bd3 Bg7 5. Bg5 f6 6. Bh4 dxe4 7. Bxe4 g5 8. Qh5+
Kf8 9. Bg3 f5 10. Bxb8 Nf6 11. Qxg5 Nxe4 12. Qf4 Qb6 13. b4 Bxd4 14. cxd4 Rxb8
15. Qxb8 Qxb4+ 16. Kd1 Qxd4+ 17. Kc2 Kf7 18. Nf3 Qxa1 19. Qxa7 Be6 20. Qxb7
Qxa2+ 21. Qb2 Qxb2+ 22. Kxb2 Rb8+ 23. Kc1 Kf6 24. Nd4 Nxf2 25. Rf1 Ne4 26. Kc2
Rb4 27. Nf3 Bb3+ 28. Kc1 Bc4 29. Re1 Bd3 30. Nbd2 Ra4 31. Kb2 c5 32. Nxe4+ Bxe4
33. Kc3 Ra2 34. Nd2 34... Bxg2 {...} 0-1

[Event "C.to Italiano Semifinale"]
[Site "Montecatini Terme ITA"]
[Date "1998.06.??"]
[Round "3"]
[White "Castaldo, Folco"]
[Black "Bonaccorsi, Fabrizio"]
[Result "1-0"]
[WhiteElo "2155"]
[BlackElo "2110"]
[PlyCount "49"]
[EventDate "1998.06.21"]

1. e4 c5 2. c3 d5 3. exd5 Qxd5 4. d4 Nf6 5. Nf3 Bg4 6. Be2 e6 7. h3 Bh5 8. O-O
Nc6 9. Be3 cxd4 10. cxd4 Be7 11. Nc3 Qd6 12. a3 O-O 13. Qb3 Rfd8 14. Rfd1 Nd5
15. Rac1 Nxc3 16. Rxc3 Qd5 17. Qa4 a6 18. Rdc1 b5 19. Qd1 Rac8 20. Ne5 Bxe2 21.
Qxe2 Na7 22. Rc7 Rxc7 23. Rxc7 Nc8 24. Qc2 f6 25. Nc6 1-0

[Event "C.to Italiano Semifinale"]
[Site "Montecatini Terme ITA"]
[Date "1998.06.??"]
[Round "3"]
[White "Clementini, Lorenzo"]
[Black "Sansonetti, Giorgio"]
[Result "1-0"]
[WhiteElo "1760"]
[BlackElo "2195"]
[PlyCount "77"]
[EventDate "1998.06.21"]

1. e4 c5 2. c3 d6 3. d4 Qc7 4. Nf3 Bg4 5. Be2 e5 6. O-O Nf6 7. dxe5 dxe5 8. Bg5
Nbd7 9. Nfd2 Bxe2 10. Qxe2 h6 11. Be3 Qc6 12. f3 Be7 13. a4 a6 14. Nc4 Rd8 15.
a5 g5 16. Nbd2 Rg8 17. Bf2 Nh5 18. Bg3 Nf4 19. Bxf4 gxf4 20. Rad1 Rg5 21. Nb3
Kf8 22. Rd5 Qb5 23. Nc1 Nf6 24. Rxe5 Rxe5 25. Nxe5 Qxa5 26. Qc4 Nd5 27. exd5
Bd6 28. Qxf4 Qc7 29. Qxh6+ Kg8 30. Ng4 Be7 31. c4 Rd6 32. Qh5 Rg6 33. Nd3 Rg5
34. Qh6 Rg6 35. Qe3 Bd6 36. Qe8+ Kg7 37. Nde5 Rg5 38. f4 Rf5 39. Qd7 1-0

[Event "C.to Italiano Semifinale"]
[Site "Montecatini Terme ITA"]
[Date "1998.06.??"]
[Round "3"]
[White "Contin, Daniel"]
[Black "Di Vincenzi, Renato"]
[Result "1-0"]
[WhiteElo "2300"]
[BlackElo "2128"]
[PlyCount "173"]
[EventDate "1998.06.21"]

1. c4 Nf6 2. Nc3 d6 3. g3 g6 4. Bg2 Bg7 5. d4 c6 6. Nf3 Nbd7 7. O-O O-O 8. e4
Qc7 9. h3 e5 10. Be3 Re8 11. Re1 exd4 12. Nxd4 Nc5 13. Qc2 a5 14. Rad1 Bd7 15.
f4 b6 16. Bf2 Nh5 17. b3 Ne6 18. Nde2 Rad8 19. a3 Bc8 20. b4 axb4 21. axb4 Bb7
22. f5 Nf8 23. g4 Nf6 24. g5 N6d7 25. f6 Bh8 26. Bg3 Ne5 27. c5 h6 28. cxd6 Qd7
29. Qc1 Nh7 30. gxh6 Bxf6 31. Na4 Ba6 32. Qe3 Nc4 33. Qf2 c5 34. Nac3 Ne5 35.
Nd5 Bg5 36. bxc5 bxc5 37. Qxc5 Bxe2 38. Ne7+ Bxe7 39. dxe7 Qxd1 40. exd8=Q Qxd8
41. Rxe2 Qd1+ 42. Re1 Nf3+ 43. Bxf3 Qxf3 44. Re3 Qf6 45. Kg2 Ng5 46. e5 Qf5 47.
h4 Qh3+ 48. Kg1 Ne6 49. Qc6 Rb8 50. Qe4 Rb2 51. Bf2 Qf5 52. Qxf5 gxf5 53. Rf3
f4 54. Be1 Kh7 55. Bc3 Rc2 56. Bb4 Kxh6 57. Rf2 Rc7 58. Bd6 Rb7 59. Kg2 Kh5 60.
Kf3 Rb3+ 61. Ke4 Kg4 62. Rf1 Re3+ 63. Kd5 Kxh4 64. Bc5 Re2 65. Kd6 Rc2 66. Bb6
Rb2 67. Bg1 Kg3 68. Ke7 Rb7+ 69. Kf6 f3 70. Be3 Rb3 71. Rg1+ Kh2 72. Re1 f2 73.
Re2 Rxe3 74. Rxf2+ Kg3 75. Rf1 Nd8 76. Rg1+ Kf2 77. Rg7 Rf3+ 78. Ke7 Nc6+ 79.
Kd6 Nd4 80. Rh7 Ke3 81. Kd5 Nf5 82. Rxf7 Nh4 83. Rg7 Kf2 84. e6 Re3 85. Rg4
Rxe6 86. Kxe6 Nf3 87. Kf5 1-0

[Event "C.to Italiano Semifinale"]
[Site "Montecatini Terme ITA"]
[Date "1998.06.??"]
[Round "3"]
[White "Fabiano, Giuseppe"]
[Black "Mariotti, Sergio"]
[Result "1/2-1/2"]
[WhiteElo "2230"]
[BlackElo "2380"]
[PlyCount "32"]
[EventDate "1998.06.21"]

1. Nf3 c5 2. c4 Nc6 3. d4 cxd4 4. Nxd4 Nf6 5. Nc3 d6 6. Nxc6 bxc6 7. g3 g6 8.
Bg2 Bb7 9. O-O Bg7 10. Qa4 Qc8 11. c5 O-O 12. cxd6 exd6 13. Bf4 d5 14. Rac1 Qd8
15. Rfd1 Nh5 16. Be3 Re8 1/2-1/2

[Event "C.to Italiano Semifinale"]
[Site "Montecatini Terme ITA"]
[Date "1998.06.??"]
[Round "3"]
[White "Iotti, Pierluigi"]
[Black "Mariano, Elia"]
[Result "1-0"]
[WhiteElo "2325"]
[BlackElo "2205"]
[PlyCount "85"]
[EventDate "1998.06.21"]

1. d4 d5 2. c4 e6 3. Nc3 Nf6 4. Bg5 Nbd7 5. Nf3 Be7 6. e3 O-O 7. cxd5 exd5 8.
Qc2 c6 9. Bd3 Re8 10. O-O h6 11. Bh4 Ne4 12. Bxe7 Qxe7 13. Bxe4 dxe4 14. Nd2
Nf6 15. Rfc1 Bf5 16. Rab1 Nd7 17. b4 Qh4 18. Na4 Nf6 19. Nf1 Rac8 20. Nc5 b6
21. Ng3 Ng4 22. h3 Nxe3 23. Qb3 bxc5 24. Qxe3 Be6 25. bxc5 Rb8 26. a3 Bd5 27.
Nf5 Qf6 28. Nd6 Red8 29. Re1 Qg6 30. g3 Kh7 31. a4 Rf8 32. a5 f5 33. Qf4 Qf6
34. Rxb8 Rxb8 35. Nxe4 Bxe4 36. Qxb8 Qxd4 37. Qxa7 Qc3 38. Rxe4 fxe4 39. Qe7
Qe1+ 40. Kg2 Qxa5 41. Qxe4+ Kg8 42. Qe8+ Kh7 43. Qxc6 1-0

[Event "C.to Italiano Semifinale"]
[Site "Montecatini Terme ITA"]
[Date "1998.06.??"]
[Round "3"]
[White "Martorelli, Antonio"]
[Black "Isonzo, David"]
[Result "1-0"]
[WhiteElo "2405"]
[BlackElo "2235"]
[PlyCount "67"]
[EventDate "1998.06.21"]

1. e4 c5 2. Nf3 d6 3. d4 cxd4 4. Nxd4 Nf6 5. Nc3 a6 6. g3 e5 7. Nb3 b5 8. Bg2
Nbd7 9. O-O Bb7 10. a4 b4 11. Nd5 Nxd5 12. exd5 a5 13. Bd2 Be7 14. c3 bxc3 15.
Bxc3 Qb6 16. Ra3 Nc5 17. Nxa5 Rxa5 18. b4 Ra8 19. a5 Qc7 20. bxc5 Qxc5 21. Qa4+
Kf8 22. Rb1 Ba6 23. Qc6 Qa7 24. Bf1 Bxf1 25. Kxf1 g6 26. a6 Re8 27. Rb7 Qa8 28.
Bb4 Kg7 29. Bxd6 Bxd6 30. Qxd6 Qc8 31. Rf3 Qh3+ 32. Kg1 Rhf8 33. Qf6+ Kh6 34.
Rb4 1-0

[Event "C.to Italiano Semifinale"]
[Site "Montecatini Terme ITA"]
[Date "1998.06.??"]
[Round "3"]
[White "Minerva, Enzo"]
[Black "Nironi, Andrea"]
[Result "0-1"]
[WhiteElo "2155"]
[BlackElo "1681"]
[PlyCount "40"]
[EventDate "1998.06.21"]

1. e4 e5 2. d4 exd4 3. Qxd4 Nc6 4. Qe3 g6 5. Bc4 d6 6. Nf3 Bg7 7. O-O Nf6 8. e5
Ng4 9. Qb3 Ngxe5 10. Nxe5 Nxe5 11. Re1 O-O 12. Bf1 Re8 13. Nc3 Nf3+ 14. gxf3
Rxe1 15. Ne2 Bh3 16. Ng3 Qd7 17. Qd3 h5 18. Rb1 h4 19. c4 hxg3 20. Bf4 Bxf1 0-1

[Event "C.to Italiano Semifinale"]
[Site "Montecatini Terme ITA"]
[Date "1998.06.??"]
[Round "3"]
[White "Parrella, Alfredo"]
[Black "Scavo, Fernando"]
[Result "0-1"]
[WhiteElo "2185"]
[BlackElo "2255"]
[PlyCount "82"]
[EventDate "1998.06.21"]

1. e4 e6 2. d4 d5 3. Nd2 Nf6 4. e5 Nfd7 5. Bd3 c5 6. c3 Nc6 7. Ne2 cxd4 8. cxd4
f6 9. exf6 Qxf6 10. Nf3 h6 11. O-O Bd6 12. Nc3 O-O 13. a3 Rf7 14. Bc2 Nf8 15.
Qd3 g5 16. Be3 Bd7 17. h3 Rg7 18. Nh2 h5 19. Qd2 Ng6 20. f3 Nh4 21. Rad1 Rc8
22. Bb1 Ne7 23. Bf2 Neg6 24. Bxg6 Qxg6 25. Qd3 Qf6 26. g3 Rf8 27. Be1 Nf5 28.
Kg2 Qd8 29. b4 Qb8 30. g4 Bxh2 31. gxf5 g4 32. fxg4 hxg4 33. h4 exf5 34. Bg3
Bxg3 35. Qxg3 f4 36. Qe1 f3+ 37. Kg1 g3 38. Qe3 f2+ 39. Kg2 Bf5 40. Nxd5 Qd6
41. Nf4 Bg4 0-1

[Event "C.to Italiano Semifinale"]
[Site "Montecatini Terme ITA"]
[Date "1998.06.??"]
[Round "3"]
[White "Pecorari, Marcello"]
[Black "Genocchio, Daniele"]
[Result "0-1"]
[WhiteElo "1713"]
[BlackElo "2155"]
[PlyCount "64"]
[EventDate "1998.06.21"]

1. e4 c5 2. d4 cxd4 3. c3 dxc3 4. Nxc3 Nc6 5. Nf3 d6 6. Bc4 e6 7. O-O Be7 8.
Qe2 Nf6 9. Rd1 e5 10. h3 O-O 11. Be3 a6 12. a4 Bd7 13. Nh2 Qa5 14. g4 Nb4 15.
g5 Ne8 16. Ng4 Rc8 17. Kh2 Be6 18. Bxe6 fxe6 19. Rg1 d5 20. Nxe5 Bd6 21. f4 d4
22. Qg4 Bxe5 23. Qxe6+ Kh8 24. Qxc8 dxc3 25. bxc3 Nc2 26. Bd4 Bxd4 27. cxd4
Qd2+ 28. Kh1 Nxa1 29. Rxa1 Qxd4 30. Re1 Qf2 31. Rb1 Qf3+ 32. Kg1 Qe3+ 0-1

[Event "C.to Italiano Semifinale"]
[Site "Montecatini Terme ITA"]
[Date "1998.06.??"]
[Round "3"]
[White "Piscopo, Pierluigi"]
[Black "Mauro, Alan"]
[Result "0-1"]
[WhiteElo "1798"]
[BlackElo "2260"]
[PlyCount "92"]
[EventDate "1998.06.21"]

1. e4 c5 2. Nf3 d6 3. d4 cxd4 4. Nxd4 Nf6 5. Nc3 g6 6. Be3 Bg7 7. f3 O-O 8. Qd2
Nc6 9. O-O-O d5 10. Nxd5 Nxd5 11. Nxc6 bxc6 12. exd5 cxd5 13. Qxd5 Qc7 14. Qc5
Qb7 15. Bd4 Bf5 16. Qa3 Rfc8 17. Bd3 e5 18. Bxf5 gxf5 19. Bc3 Rab8 20. Rd3 Bf8
21. Qb3 Qc6 22. Qd5 Bh6+ 23. Kd1 Qxd5 24. Rxd5 Rxc3 25. bxc3 Rb1+ 26. Ke2 Rxh1
27. Rxe5 Rxh2 28. Kf2 Bd2 29. c4 f4 30. Rd5 Be3+ 31. Kf1 Rh1+ 32. Ke2 Rc1 33.
Kd3 Rd1+ 34. Ke4 Rxd5 35. Kxd5 Kf8 36. Kd6 Ke8 37. c5 Kd8 38. c6 Kc8 39. c4 a5
40. c5 a4 41. c7 a3 42. Ke7 Kxc7 43. Kxf7 Kc6 44. Ke6 Kxc5 45. Ke5 Kc4 46. Ke4
Bc1 0-1

[Event "C.to Italiano Semifinale"]
[Site "Montecatini Terme ITA"]
[Date "1998.06.??"]
[Round "3"]
[White "Tribuiani, Renato"]
[Black "Bini, Lorenzo"]
[Result "1-0"]
[WhiteElo "2115"]
[BlackElo "2125"]
[PlyCount "141"]
[EventDate "1998.06.21"]

1. e4 d6 2. d4 Nf6 3. Nc3 b6 4. f3 Bb7 5. Bg5 Nbd7 6. Nh3 e6 7. Qd2 h6 8. Be3
a6 9. a4 g5 10. Nf2 Bg7 11. Bc4 Nf8 12. h4 gxh4 13. d5 e5 14. Nd3 Ng6 15. O-O-O
Nh5 16. g4 Nhf4 17. Bxf4 exf4 18. Nxf4 Nxf4 19. Qxf4 Be5 20. Qd2 Qf6 21. Qd3 h5
22. gxh5 Rxh5 23. Rdg1 Rg5 24. Nd1 Rg3 25. Rxg3 hxg3 26. Rg1 O-O-O 27. Bxa6 Rg8
28. Bxb7+ Kxb7 29. Rg2 Qh6+ 30. Kb1 Qh1 31. Qe2 Rh8 32. Ka2 Rh2 33. Ne3 Bf4 34.
Rxh2 gxh2 35. Ng4 Qg1 36. Nxh2 Qxh2 37. Qc4 Qg1 38. b4 Kb8 39. Qc6 Be5 40. c3
Qe3 41. Kb2 Qxf3 42. Qe8+ Ka7 43. Qc6 Qe2+ 44. Kb3 Qa6 45. Qxc7+ Qb7 46. Qc4
Qe7 47. Qc8 Bf4 48. Qc6 Be3 49. Qc8 Qb7 50. Qc4 Kb8 51. Qb5 Bf4 52. Qe8+ Ka7
53. Qb5 Qc7 54. Qe8 Be5 55. c4 Kb7 56. Qb5 Qc8 57. a5 Qc7 58. a6+ Ka7 59. Qe8
f6 60. b5 Qg7 61. Qc8 f5 62. exf5 Ba1 63. Ka4 Bd4 64. Qe6 Qc7 65. Kb3 Qg7 66.
Qxd6 Be3 67. Qg6 Qe7 68. Qe6 Qg7 69. Ka4 Qc7 70. Qc6 Qg7 71. d6 {...} 1-0

[Event "C.to Italiano Semifinale"]
[Site "Montecatini Terme ITA"]
[Date "1998.06.??"]
[Round "3"]
[White "Wild, Alexander"]
[Black "Del Monaco, Andrea"]
[Result "0-1"]
[WhiteElo "1714"]
[BlackElo "1793"]
[PlyCount "54"]
[EventDate "1998.06.21"]

1. e4 c5 2. Nf3 Nc6 3. d4 cxd4 4. Nxd4 Nf6 5. Nc3 e5 6. Ndb5 d6 7. Bg5 a6 8.
Na3 b5 9. Nd5 Be7 10. Bxf6 Bxf6 11. Be2 O-O 12. O-O Bb7 13. c3 Ne7 14. Nxf6+
gxf6 15. Bd3 Ng6 16. Nc2 Kh8 17. Ne3 Rg8 18. Nf5 Nf4 19. g3 Qd7 20. Kh1 Nxd3
21. Qxd3 Qxf5 22. f3 Qe6 23. a4 bxa4 24. Rxa4 Rab8 25. c4 Rxg3 26. Rf2 Rg6 27.
Rb4 Rbg8 0-1

[Event "C.to Italiano Semifinale"]
[Site "Montecatini Terme ITA"]
[Date "1998.06.??"]
[Round "4"]
[White "Bini, Lorenzo"]
[Black "Genocchio, Daniele"]
[Result "0-1"]
[WhiteElo "2125"]
[BlackElo "2155"]
[PlyCount "72"]
[EventDate "1998.06.21"]

1. d3 d5 2. g3 Nc6 3. Bg2 Nf6 4. a3 e5 5. Nd2 Bc5 6. e3 Bg4 7. Ne2 a5 8. b3 O-O
9. h3 Be6 10. Bb2 Re8 11. O-O Qd7 12. Kh2 h6 13. f4 Bxe3 14. fxe5 Nh7 15. Nf3
d4 16. Bc1 Bxc1 17. Qxc1 Rad8 18. Nf4 Ne7 19. Nxe6 Qxe6 20. Qf4 c5 21. h4 Nd5
22. Qe4 b6 23. Bh3 Qe7 24. Bf5 Nf8 25. Rg1 Ne3 26. h5 Ne6 27. Bxe6 Qxe6 28. g4
Nxc2 29. g5 Nxa1 30. gxh6 Qxh6 31. Qg4 Nc2 32. Nh4 Ne3 33. Qf3 Rxe5 34. Rg3 Re6
35. Kg1 Rf6 36. Qe4 Qxh5 0-1